| 000 | 00936nam a2200253Ia 4500 | ||
|---|---|---|---|
| 003 | OSt | ||
| 005 | 20200813113732.0 | ||
| 008 | 191128s1998 ck gr 000 0 spa d | ||
| 020 | _a9586017915 | ||
| 040 |
_aCo-JMCR _cCo-JMCR |
||
| 041 | 0 | _aspa | |
| 082 | 0 | 4 |
_a368.0065 / _bS141p _223 |
| 100 | 1 |
_aSalazar, Natalia, _eautora _98707 |
|
| 245 | 1 | 0 |
_aPerspectivas de la Industria Aseguradora : _b1997-2010 / _cNatalia Salazar, Sandra Suluaga |
| 250 | _aPrimera edición | ||
| 260 |
_aBogotá : _bTercer Mundo, _c1998. |
||
| 300 |
_axii, 91 páginas _c23 cm. |
||
| 490 | 0 |
_aCuadernos de Fedesarrollo ; 3 _v3 |
|
| 505 | 0 | _a¿Qué tan grande es el sector asegurador colombiano? -- Proyección de las primas y siniestros de los ramos tradicionales de seguros -- Seguridad social | |
| 650 | 2 | 4 |
_aSeguridad social _zColombia _97785 |
| 650 | 2 | 4 |
_aColombia Soat _zColombia _98708 |
| 700 | 1 |
_aSuluaga, Sandra, _eautora _98709 |
|
| 942 |
_2ddc _cBK |
||
| 999 |
_c6000 _d6000 |
||